Hospitio exceptam ab Elisabetha Deiparam Virginem prosequuntur latinè, graecè, oratoriè, poeticè. Stephanus Lomellinus genuensis, Valerius Argutius perusinus, Georgius Spinola genuensis. Sem. Rom. Convict.

Detalles Bibliográficos
Autor principal: Lomellinus, Stephanus
Otros Autores: Spinola, Georgius, coaut
Formato: Libro
Lenguaje:Latin
Publicado: Romae : ex typographia Francisci Corbelleti, 1633.
Materias:
Colección:Banco de datos
Acervo:Biblioteca Félix de Jesús Rougier de los Misioneros del Espíritu Santo. Fondo Antiguo
Descripción Física:23 p. ; 4°
Tema general:Homilética
Notas:Portada tipográfica con orla, viñeta y pleca en grabado xilográfico. Texto a renglón seguido. Incluye cabecera de título en grabado xilográfico. Incluye capitular floreada en grabado xilográfico
LEADER 00972nam a22001930004500
035 |a 497 
041 0 |a lat 
100 1 |a Lomellinus, Stephanus 
245 1 0 |a Hospitio exceptam ab Elisabetha Deiparam Virginem prosequuntur latinè, graecè, oratoriè, poeticè. Stephanus Lomellinus genuensis, Valerius Argutius perusinus, Georgius Spinola genuensis. Sem. Rom. Convict. 
260 |a Romae : ex typographia Francisci Corbelleti, 1633. 
300 |a 23 p. ; 4° 
500 |a Portada tipográfica con orla, viñeta y pleca en grabado xilográfico. Texto a renglón seguido. Incluye cabecera de título en grabado xilográfico. Incluye capitular floreada en grabado xilográfico 
501 |a 44 obras 
650 1 0 |a Homilética 
700 1 |a Spinola, Georgius, coaut. 
949 |a Biblioteca Félix de Jesús Rougier, Fondo Antiguo 755-Ii 
942 |c ROUGIER 
943 |g Biblioteca Félix de Jesús Rougier de los Misioneros del Espíritu Santo. Fondo Antiguo 
999 |c 945516  |d 945516